000 00558cam a22002291 4500
001 sa 67000031
003 DLC
005 20260227112311.0
008 890918q19001967bg c 000 0 beno
010 _asa 67000031
035 _a(OCoLC)20362393
040 _aDLC
_cWaU
_dDLC
042 _apremarc
050 0 0 _aPK1714
_b.L29
100 1 _aLāhir̥ī, Śānti.
245 1 0 _aBāṃlā kabitā.
260 _c19--
300 _av.
_bports.
_c25 cm.
500 _aIn Bengali.
650 0 _aBengali poetry.
700 1 _aDāśgupta, Malaẏaśaṅkara.
999 _c71704
_d71704